00333nam a2200145Ia 4500008004100000041000800041082000600049100001300055245002800068250000600096260002700102300000900129906002800138999002100166240830s1964 xx 000 0 und d aeng a1 aDWA. C.S aTEXTBOOK OF GYNAECOLOGY a1 aAHMEDNAGARbN.D.c1964 a100p aTEXTBOOK OF GYNAECOLOGY c1183968d1183968